100 mots du quotidien en anglais - Statistiques

Statistiques générales
  • Ce quiz a été pris 1 538 fois
    1 457 depuis la dernière actualisation
  • Le résultat moyen est 75 sur 100
Statistiques - réponses
Hint Réponse % Correct
livre book
99%
ami friend
99%
année year
99%
garçon boy
98%
maison home / house
98%
nuit night
98%
voiture car / automobile
95%
pied foot
95%
école school
95%
étoile star
95%
ville city / town
93%
père father
93%
amour love
93%
homme man
93%
mère mother
93%
blanc white
93%
enfant child
92%
couleur color / colour
92%
roi king
92%
lumière light
92%
soleil sun
92%
bateau boat
91%
jour day
91%
yeux eye
91%
aide help
91%
femme woman
91%
porte door
90%
chaud hot
90%
travail work
90%
fin end
89%
main hand
89%
lune moon
89%
numéro number
89%
pièce, chambre room
89%
matin morning
88%
rien nothing
88%
mer sea
88%
argent money
87%
corps body
86%
visage face
86%
peut-être perhaps / maybe
86%
neige snow
86%
semaine week
86%
toujours always
85%
pays country
85%
tête head
85%
guerre war
85%
temps time
84%
content happy
83%
île island
83%
rapide fast
82%
minuit midnight
82%
route road
81%
rue street
81%
après-midi afternoon
80%
comment how
80%
appel call
79%
chose thing
79%
comprendre understand
79%
devenir become
78%
boite box
78%
cuisine kitchen
78%
bois wood
78%
montagne mountain
77%
rivière river
77%
réponse answer
75%
petit déjeuner breakfast
75%
vent wind
75%
phrase sentence
74%
derrière behind
73%
voyage travel
72%
propre clean
71%
loin far
70%
plante plant
68%
contre against
64%
peu little / few
63%
tasse cup
62%
cassé broken
61%
déjà already
58%
personne person
58%
déjeuner lunch
57%
profond deep
56%
sec dry
54%
chemise shirt
53%
côté side
51%
carrière career
47%
pensée thought
46%
chaque each
45%
roue wheel
43%
marteau hammer
42%
déprimé depressed
40%
dossier file / folder
37%
chaleur heat
37%
évier sink
37%
taille size
37%
en dépit despite
28%
grille-pain toaster
28%
aiguille needle
19%
préoccupé worried
18%
chercher seek
14%
Aucun quiz correspondant
Distribution des résultats
% des personnes avec chaque résultat
Percentile par nombre de réponses
Votre historique - résultats
Vous n’avez pas pris ce quiz depuis la dernière actualisation